[Event "Coupe Niveau 3"]
[Site "www.echecsemail.com"]
[Date "2026.01.16"]
[Round "1"]
[White "Intrigue"]
[Black "Patau"]
[WhiteElo "1760"]
[BlackElo "1680"]
[Result "0-1"]
1.d4 f5
2.c4 g6
3.Ng1f3 Bf8g7
4.Nb1c3 Ng8f6
5.Bc1g5 O-O
6.e3 Nf6e4
7.Nc3xe4 fxe4
8.Nf3d2 d5
9.cxd5 Qd8xd5
10.Bf1c4 Qd5xc4
11.Ra1c1 Qc4b4
12.b3 Nb8c6
13.O-O Bc8f5
14.Nd2c4 Ra8d8
15.a3 Qb4b5
16.h3 Bg7f6
17.Bg5h6 Bf6g7
18.Bh6xg7 Kxg7
19.a4 Qb5b4
20.Rc1b1 Nc6a5
21.Nc4xa5 Qb4xa5
22.b4 Qa5d5
23.b5 e5
24.dxe5 Qd5xe5
25.Qd1b3 Rd8d3
26.Qb3c2 Rf8d8
27.Rb1c1 Rd8d7
28.Qc2c4 Bf5e6
29.Qc4b4 Rd3d2
30.Qb4c5 Qe5xc5
31.Rc1xc5 Rd2d1
32.h4 Rd1xf1
33.Kxf1 Rd7d1
34.Ke2 Rd1d7
35.g3 Kf6
36.f4 exf3
37.Kxf3 Be6b3
38.a5 b6
39.axb6 cxb6
40.Rc5c8 Bb3a4
41.Rc8f8 Kg7
42.Rf8a8 Ba4xb5
{ abandon }0-1

[Event "Schachspiel2"]
[Site "www.echecsemail.com"]
[Date "2026.01.16"]
[Round "1"]
[White "Anton17"]
[Black "Titit1"]
[WhiteElo "1420"]
[BlackElo "1370"]
[Result "0-1"]
1.e4 Ng8f6
2.e5 Nf6d5
3.c4 Nd5f4
4.g3 Nf4g6
5.Nb1c3 e6
6.Ng1f3 Nb8c6
7.d4 Bf8b4
8.Bc1d2 O-O
9.Bf1g2 d6
10.O-O d5
11.cxd5 exd5
12.a3 Bb4e7
13.b4 a6
14.Nc3a4 b5
15.Na4c5 f6
16.Rf1e1 f5
17.Qd1c2 h6
18.Re1e2 Ng6h4
19.Nf3xh4 Be7xh4
20.gxh4 Qd8xh4
21.Ra1e1 Nc6xd4
22.Bg2xd5 Kh8
23.Qc2d3 Nd4xe2
24.Re1xe2 Qh4g4
25.Kf1 Ra8b8
26.Bd5b7 Bc8xb7
27.Nc5d7 Qg4g2
28.Ke1 Qg2g1
0-1

[Event "Coupe Niveau 2"]
[Site "www.echecsemail.com"]
[Date "2026.01.16"]
[Round "1"]
[White "Patau"]
[Black "4x4"]
[WhiteElo "1670"]
[BlackElo "1480"]
[Result "1-0"]
1.e4 e5
2.Ng1f3 d6
3.d4 Nb8c6
4.Bf1b5 Bc8d7
5.Bb5xc6 Bd7xc6
6.Nb1c3 Qd8d7
7.dxe5 O-O-O
8.O-O Kb8
9.Bc1f4 dxe5
10.Nf3xe5 Qd7e7
11.Ne5xc6 bxc6
12.Qd1e2 Qe7b4
13.Qe2a6 Bf8c5
14.Qa6xc6 Ng8e7
15.Qc6xc7 Ka8
16.Ra1d1 Rd8c8
17.Qc7d7 Ne7g6
18.Qd7d5 Qb4b7
19.Nc3b5 Ng6xf4
20.Qd5d7 Qb7xd7
21.Rd1xd7 Rh8f8
22.Rf1d1 Nf4e2
23.Kf1 Ne2f4
24.Nb5c7 Kb7
25.Nc7e6 Kc6
26.Ne6xf4 Kb6
27.Nf4d5 Kc6
28.Nd5e7 Bc5xe7
29.Rd7xe7 g6
30.Re7xa7 Kb6
31.Rd1d7 h6
32.c3 f5
33.exf5 Rf8xf5
34.Rd7g7 Rf5f6
35.Ra7f7 Rc8f8
36.Rf7xf8 Rf6xf8
37.Rg7xg6 Kc5
38.Rg6xh6 Kc4
39.Rh6h4 Kd3
40.f4 Kc2
41.Kf2 Kxb2
42.Kf3 Kxc3
43.g4 Kb2
44.Rh4h7 Kxa2
45.Rh7b7 Rf8h8
46.Kg3 Ka3
47.h4 Ka4
48.h5 Ka5
49.f5 Ka6
50.Rb7b1 Ka5
51.Kf4 Rh8d8
52.g5 Rd8d4
53.Ke5 Rd4g4
54.Kf6 Rg4h4
55.h6 Ka4
56.Kg7 Rh4h5
57.Kg6 Rh5h4
58.Kg7 Rh4h5
59.g6 Rh5xf5
60.h7 Rf5h5
61.h8Q Rh5xh8
62.Kxh8 Ka3
63.g7 Ka2
64.Rb1b7 Ka3
65.g8Q Ka4
66.Qg8a2 1-0

[Event "Transval 2"]
[Site "www.echecsemail.com"]
[Date "2026.01.16"]
[Round "1"]
[White "Titit1"]
[Black "Fouvolant"]
[WhiteElo "1450"]
[BlackElo "1370"]
[Result "1-0"]
1.d4 Ng8f6
2.Ng1f3 d6
3.Bc1f4 g6
4.Nb1c3 Bf8g7
5.e4 Nb8d7
6.Bf1c4 O-O
7.O-O Rf8e8
8.Qd1d2 c6
9.e5 Nf6h5
10.Bf4e3 b5
11.Bc4b3 Bg7h8
12.Be3h6 a5
13.Nf3g5 e6
14.Qd2e3 d5
15.Qe3f3 a4
16.Qf3xf7 1-0

[Event "Coupe Niveau 4"]
[Site "www.echecsemail.com"]
[Date "2026.01.16"]
[Round "1"]
[White "Tahar"]
[Black "Pgo"]
[WhiteElo "2020"]
[BlackElo "1750"]
[Result "1-0"]
1.d4 d5
2.c4 e6
3.e3 Bf8b4
4.Bc1d2 Nb8c6
5.Ng1f3 Ng8f6
6.c5 Bb4xd2
7.Nb1xd2 O-O
8.a3 a6
9.Bf1e2 b5
10.O-O h6
11.h3 g5
12.Nf3h2 Bc8b7
13.Nh2g4 Kg7
14.Ng4xf6 Qd8xf6
15.Be2h5 e5
16.dxe5 Nc6xe5
17.Qd1c2 c6
18.f4 Ne5c4
19.Nd2xc4 dxc4
20.fxg5 Qf6xg5
21.Qc2e2 Bb7c8
22.Rf1f3 Qg5xh5
23.Rf3g3 Qh5g6
24.Rg3xg6 fxg6
25.Ra1d1 h5
26.Rd1d6 Bc8b7
27.Qe2d2 Rf8f7
28.Qd2c2 Rf7f6
29.Rd6d7 Rf6f7
30.Qc2c3 Kg8
31.Rd7xf7 Kxf7
32.Qc3e5 Ra8e8
33.Qe5f4 Kg7
34.Qf4d4 Kf8
35.Qd4f6 Kg8
36.Qf6xg6 Kf8
37.Kf2 h4
38.Qg6h7 Re8e7
39.Qh7xh4 Re7f7
40.Ke2 Bb7c8
41.Qh4d8 Kg7
42.Qd8xc8 a5
43.Qc8xc6 { abandon }1-0

[Event "Tournoi n27263"]
[Site "www.echecsemail.com"]
[Date "2026.01.16"]
[Round "1"]
[White "Burgman"]
[Black "Verson"]
[WhiteElo "2030"]
[BlackElo "1800"]
[Result "1-0"]
1.d4 d5
2.c4 c6
3.Ng1f3 Ng8f6
4.Nb1c3 e6
5.e3 Bf8d6
6.Bc1d2 O-O
7.Bf1e2 Nb8d7
8.O-O e5
9.dxe5 Nd7xe5
10.cxd5 cxd5
11.Qd1b3 Ne5xf3
12.Be2xf3 Qd8c7
13.Nc3xd5 Nf6xd5
14.Bf3xd5 Ra8b8
15.Ra1c1 Qc7e7
16.Bd2c3 Bc8e6
17.Bd5xe6 Qe7xe6
18.Qb3xe6 fxe6
19.Rf1d1 Rf8d8
20.Bc3d4 b6
21.Kf1 Rb8c8
22.Ke2 Kf7
23.Rc1xc8 Rd8xc8
24.Kd3 e5
25.Bd4c3 Ke6
26.e4 Bd6c5
27.f3 Rc8d8
28.Ke2 Rd8xd1
29.Kxd1 b5
30.Kc2 a6
31.b3 Kd6
32.Kd3 Ke6
33.Bc3a5 g6
34.Ke2 Kd6
35.h3 Bc5a3
36.g3 Kc5
37.Kd3 Ba3b2
38.f4 Kd6
39.Ba5b4 Ke6
40.a4 h5
41.Ke3 Bb2c1
42.Bb4d2 Bc1b2
43.g4 hxg4
44.hxg4 Kf6
45.f5 gxf5
46.gxf5 Bb2d4
47.Kf3 bxa4
48.bxa4 Bd4c5
49.Kg4 Bc5f8
50.Bd2g5 Kf7
51.Bg5d8 Bf8g7
52.Kg5 Ke8
53.Bd8f6 Bg7xf6
54.Kxf6 Kd7
55.Kxe5 { abandon }1-0

[Event "Défi"]
[Site "www.echecsemail.com"]
[Date "2026.01.16"]
[Round "1"]
[White "Verson"]
[Black "Wenoketo"]
[WhiteElo "1870"]
[BlackElo "1660"]
[Result "0-1"]
1.d4 d5
2.Ng1f3 Ng8f6
3.e3 Nb8c6
4.c3 Bc8g4
5.Bf1e2 Bg4d7
6.Nb1d2 e6
7.Be2d3 Bf8e7
8.O-O O-O
9.Nf3e5 Bd7e8
10.Ne5g4 Nf6xg4
11.h3 Ng4f6
12.e4 dxe4
13.Nd2xe4 Nf6xe4
14.Bd3xe4 Ra8b8
15.Qd1h5 h6
16.Bc1f4 f5
17.Qh5e2 fxe4
18.Qe2xe4 Be7d6
19.Bf4xd6 Qd8xd6
20.Ra1e1 Be8d7
21.Re1e3 Nc6e7
22.Re3g3 Ne7f5
23.Rg3g4 Qd6d5
24.Qe4e2 Rb8e8
25.Rf1e1 Re8e7
26.Rg4e4 a6
27.b3 b5
28.Re4e5 Qd5d6
29.Qe2e4 Rf8e8
30.Qe4g4 Re7f7
31.Qg4h5 Re8f8
32.Qh5e2 Rf7f6
33.Qe2g4 Kh8
34.f4 Nf5e7
35.Kh1 Rf6xf4
36.Qg4g3 Rf4f5
37.Qg3e3 Rf5f1
38.Kh2 Rf1xe1
39.Qe3xe1 Ne7g6
{ abandon }0-1

[Event "Défi"]
[Site "www.echecsemail.com"]
[Date "2026.01.16"]
[Round "1"]
[White "Verson"]
[Black "Wenoketo"]
[WhiteElo "1870"]
[BlackElo "1660"]
[Result "1/2-1/2"]
1.d4 d5
2.Ng1f3 Ng8f6
3.e3 Bc8f5
4.c4 dxc4
5.Bf1xc4 e6
6.O-O Bf8e7
7.h3 h6
8.Nb1c3 O-O
9.Qd1e2 Nb8d7
10.e4 Bf5h7
11.Bc4d3 Be7b4
12.a3 Bb4a5
13.b4 Ba5b6
14.Bc1b2 Ra8c8
15.Nc3a4 a6
16.Ra1c1 Bh7g6
17.Rc1c3 Bb6a7
18.Rf1c1 c6
19.Na4c5 Nd7xc5
20.dxc5 Qd8c7
21.Rc3c4 Ba7b8
22.Bb2e5 Qc7e7
23.Be5xb8 Rc8xb8
24.Rc1d1 Rb8d8
25.Bd3c2 Rd8xd1
26.Qe2xd1 Rf8d8
27.Rc4d4 Rd8xd4
28.Qd1xd4 Kf8
29.Nf3e5 Bg6h7
30.f3 Ke8
31.Ne5g4 Nf6xg4
32.hxg4 f6
33.Bc2b3 Bh7g8
34.f4 Bg8f7
35.e5 fxe5
36.Qd4xe5 Bf7g8
37.f5 Qe7d7
38.Qe5b8 Qd7d8
39.Qb8xb7 Qd8d4
40.Kh2 Qd4e5
41.Kh1 Qe5e1
42.Kh2 Qe1e5
43.Kh1 Qe5e1
44.Kh2 Qe1e5
45.Kh1 Qe5e1
46.Kh2 Qe1e5
47.Kh1 Qe5e1
48.Kh2 1/2-1/2

[Event "Défi"]
[Site "www.echecsemail.com"]
[Date "2026.01.16"]
[Round "1"]
[White "Whisky"]
[Black "Roger72"]
[WhiteElo "1320"]
[BlackElo "1280"]
[Result "1-0"]
1.Ng1f3 d5
2.d4 Bc8f5
3.g3 Bf5e4
4.Bf1g2 Nb8c6
5.Nb1c3 Ng8f6
6.O-O e6
7.Nf3e5 Be4xg2
8.Ne5xc6 bxc6
9.Kxg2 Bf8b4
10.Qd1d3 O-O
11.Bc1d2 Ra8b8
12.a3 Bb4d6
13.Bd2g5 Rb8xb2
14.Nc3d1 Rb2b8
15.Nd1c3 c5
16.dxc5 Bd6xc5
17.f4 Rf8e8
18.Qd3c4 Bc5d6
19.e3 dxc4
20.Ra1d1 Qd8d7
21.Bg5xf6 gxf6
22.Rd1d4 e5
23.Rd4xc4 c6
24.Nc3e4 Kg7
25.f5 Qd7c7
26.Rf1d1 h6
27.Ne4xd6 Re8g8
28.a4 c5
29.Nd6b5 Qc7b6
30.Nb5c3 Qb6b2
31.Nc3e4 Qb2a3
32.Kf3 { abandon }1-0

[Event "Coupe Niveau 3"]
[Site "www.echecsemail.com"]
[Date "2026.01.16"]
[Round "1"]
[White "Verson"]
[Black "Patau"]
[WhiteElo "1870"]
[BlackElo "1700"]
[Result "1-0"]
1.d4 d5
2.Ng1f3 Ng8f6
3.e3 c5
4.Bf1d3 cxd4
5.exd4 e6
6.O-O Bf8d6
7.Bc1g5 h6
8.Bg5h4 O-O
9.c3 Nb8d7
10.Nb1d2 Qd8c7
11.Qd1e2 Nd7b6
12.Bh4xf6 gxf6
13.Nf3e5 fxe5
14.dxe5 Bd6xe5
15.Nd2f3 Be5f6
16.Bd3c2 e5
17.Rf1e1 Bc8g4
18.h3 Bg4xf3
19.Qe2xf3 Nb6d7
20.Qf3f5 Rf8e8
21.Qf5h7 Kf8
22.Qh7xh6 Ke7
23.Ra1d1 Re8h8
24.Qh6e3 Ra8g8
25.Rd1xd5 Rg8g5
26.f4 Rg5g7
27.fxe5 Bf6g5
28.Qe3d4 Qc7b6
29.Rd5xd7 Ke8
30.Qd4xb6 axb6
31.Rd7xb7 Rh8g8
32.g4 Bg5h4
33.Re1e2 Bh4g3
34.Bc2b3 Kd8
35.Rb7xf7 Rg7xf7
36.Bb3xf7 Rg8f8
37.e6 Ke7
38.Kg2 Bg3d6
39.c4 Rf8xf7
40.exf7 Kxf7
41.Kf3 { abandon }1-0

[Event "TRISTAN DA CUNHA"]
[Site "www.echecsemail.com"]
[Date "2026.01.16"]
[Round "1"]
[White "Casisimed"]
[Black "4x4"]
[WhiteElo "1640"]
[BlackElo "1420"]
[Result "0-1"]
1.e4 e5
2.Ng1f3 Nb8c6
3.Nb1c3 Ng8f6
4.Bf1c4 d6
5.Nf3g5 Bc8e6
6.Ng5xe6 fxe6
7.Bc4xe6 Nc6d4
8.Be6d5 c6
9.Bd5b3 Nd4xb3
10.axb3 Qd8c7
11.O-O O-O-O
12.d4 b6
13.Bc1g5 Bf8e7
14.Bg5xf6 gxf6
15.Qd1g4 Kb7
16.dxe5 fxe5
17.Ra1a2 Rd8g8
18.Qg4e2 a5
19.Qe2d3 Rg8g7
20.Rf1a1 b5
21.Ra2xa5 Rg7g8
22.Ra5a7 Kc8
23.Ra7xc7 Kxc7
24.Ra1a7 Kd8
25.Ra7a8 Kd7
26.Ra8xg8 Rh8xg8
27.Nc3a2 Kc7
28.Na2b4 Kb6
29.Qd3e3 c5
30.Nb4d5 Ka5
31.Qe3c3 b4
32.Qc3c4 Be7d8
33.Nd5c3 bxc3
34.Qc4xg8 cxb2
35.Qg8xd8 Kb4
36.Qd8b6 Kc3
37.Qb6a5 Kxc2
38.Qa5a2 Kc1
39.Kf1 b1Q
40.Qa2xb1 Kxb1
41.g3 Kc2
42.f4 Kxb3
43.f5 c4
44.f6 c3
45.f7 c2
46.f8Q c1Q
47.Kg2 Qc1d2
48.Kh3 Qd2e3
49.Qf8b8 Kc4
50.Qb8c7 Qe3c5
51.Qc7xh7 Qc5d4
52.Qh7f7 Kd3
53.Qf7f3 Qd4e3
54.Qf3f5 Qe3xe4
55.Qf5xe4 Kxe4
56.g4 Kf4
57.Kh4 e4
58.g5 e3
59.g6 e2
60.g7 e1Q
61.Kh5 Qe1e8
62.Kh6 Qe8g8
63.h4 Kf5
64.h5 Ke6
65.Kg6 Qg8f7
66.Kh6 d5
67.Kh7 Qf7xh5
68.Kg8 Qh5f7
69.Kh8 Qf7xg7
70.Kxg7 d4
{ abandon }0-1

[Event "Tournoi n27360"]
[Site "www.echecsemail.com"]
[Date "2026.01.16"]
[Round "1"]
[White "4x4"]
[Black "Tartu"]
[WhiteElo "1470"]
[BlackElo "1700"]
[Result "0-1"]
1.e4 c5
2.d3 g6
3.Bc1e3 b6
4.Nb1c3 Bc8b7
5.Qd1d2 Bf8g7
6.O-O-O Nb8c6
7.Bf1e2 d6
8.f4 a6
9.Ng1f3 b5
10.Nc3b1 e6
11.g4 b4
12.Nf3g5 Nc6d4
13.Be3xd4 Bg7xd4
14.c3 Bd4g7
15.c4 h6
16.Rh1e1 hxg5
17.fxg5 Qd8a5
18.b3 Rh8xh2
19.Re1h1 Rh2xh1
20.Rd1xh1 Ke7
21.Qd2e3 Ra8e8
22.Qe3d2 Qa5c7
23.Qd2f4 e5
24.Qf4f3 Qc7d7
25.Rh1h7 Re8f8
26.Rh7xg7 a5
27.Be2f1 Bb7c8
28.Rg7xg8 Rf8xg8
29.Qf3f6 Ke8
30.Nb1d2 Qd7e6
31.Bf1e2 Qe6xf6
32.gxf6 g5
33.Nd2f3 Bc8xg4
34.Kd2 Rg8h8
35.Ke3 Rh8h3
36.Kf2 Bg4xf3
37.Be2xf3 Rh3h2
38.Bf3g2 Kd7
39.Kg3 Rh2h4
40.Bg2h3 Kc7
41.Bh3f5 Kd8
42.Bf5h3 Ke8
43.Bh3g2 Rh4f4
44.Bg2h3 g4
45.Bh3xg4 Rf4xf6
46.Bg4f5 Rf6h6
47.Bf5h3 f6
48.Bh3f5 Rh6h1
49.Kg4 Rh1a1
50.Kh5 Ra1xa2
51.Kg6 Ke7
52.Kg7 Ra2b2
53.Bf5g6 Rb2xb3
54.Bg6f7 Rb3xd3
55.Bf7d5 b3
56.Bd5c6 b2
57.Bc6a4 Rd3g3
58.Kh6 b1Q
59.Ba4c6 Qb1h1
0-1

[Event "Amical( 10J+24H/c 10J Max )"]
[Site "www.echecsemail.com"]
[Date "2026.01.16"]
[Round "1"]
[White "Woluwe1975"]
[Black "Patau"]
[WhiteElo "1640"]
[BlackElo "1720"]
[Result "0-1"]
1.d4 d5
2.c4 dxc4
3.e3 c5
4.Bf1xc4 cxd4
5.exd4 e5
6.d5 Bf8b4
7.Nb1c3 Bc8d7
8.Ng1e2 Ng8f6
9.O-O O-O
10.Ne2g3 Bd7g4
11.f3 Bb4c5
12.Kh1 Bg4h5
13.Bc1g5 Bh5g6
14.Ng3e4 Bc5b6
15.Ne4xf6 gxf6
16.Bg5h4 Qd8d6
17.Nc3e4 Bg6xe4
18.fxe4 Nb8d7
19.Qd1g4 Kh8
20.Qg4f5 Bb6d8
21.Rf1f3 Rf8g8
22.Ra1f1 Rg8g6
23.Qf5h3 Bd8e7
24.Rf3f5 Ra8g8
25.g3 Rg6g4
26.Bc4d3 Qd6c5
27.Bd3e2 Rg4xe4
28.Rf5h5 Re4xe2
29.Qh3xd7 Rg8d8
30.Qd7f5 Qc5xd5
31.Qf5f3 Qd5xf3
32.Rf1xf3 Rd8d1
{ abandon }0-1

[Event "Défi( 10J+24H/c 10J Max )"]
[Site "www.echecsemail.com"]
[Date "2026.01.16"]
[Round "1"]
[White "Abelito"]
[Black "Titit1"]
[WhiteElo "1570"]
[BlackElo "1470"]
[Result "1-0"]
1.e4 Ng8f6
2.Nb1c3 e5
3.Bf1c4 d6
4.Ng1f3 Nb8c6
5.a3 h6
6.b4 Bf8e7
7.b5 Nc6a5
8.Bc4e2 Bc8d7
9.a4 O-O
10.d4 b6
11.Nc3d5 Nf6xd5
12.exd5 c6
13.dxc6 Bd7f5
14.d5 f6
15.Nf3h4 Bf5h7
16.O-O Qd8c8
17.Be2g4 Qc8c7
18.Bg4e6 Kh8
19.Qd1g4 a6
20.Nh4g6 Bh7xg6
21.Qg4xg6 Na5c4
22.Be6f5 Kg8
23.Bc1xh6 Rf8f7
24.Qg6h7 Kf8
25.Qh7h8 1-0

[Event "Défi( 10J+24H/c 10J Max )"]
[Site "www.echecsemail.com"]
[Date "2026.01.16"]
[Round "1"]
[White "Titit1"]
[Black "Luc20"]
[WhiteElo "1460"]
[BlackElo "1830"]
[Result "0-1"]
1.d4 d5
2.Ng1f3 Ng8f6
3.Bc1f4 c5
4.e3 Nb8c6
5.Bf1b5 a6
6.Bb5e2 b5
7.O-O Bc8b7
8.dxc5 e6
9.Nb1c3 Bf8xc5
10.Qd1c1 Nf6h5
11.Nf3d2 Nh5xf4
12.exf4 Nc6d4
13.Be2g4 O-O
14.Nd2f3 f5
15.Bg4h3 Nd4xf3
16.gxf3 Rf8f6
17.Bh3g2 Rf6h6
18.Rf1e1 Qd8h4
19.h3 Bc5xf2
20.Kh1 Bf2xe1
21.Nc3e2 Be1f2
22.Qc1d2 Ra8d8
23.Ne2d4 Rd8c8
24.c3 Rh6g6
25.Nd4e2 Rc8c4
26.Qd2d4 Bf2xd4
27.cxd4 Rc4c2
28.Ne2c3 Rg6xg2
29.Ra1e1 Qh4xe1
0-1

[Event "La Diagonale du fou 9"]
[Site "www.echecsemail.com"]
[Date "2026.01.16"]
[Round "1"]
[White "Woluwe1975"]
[Black "Foxie519"]
[WhiteElo "1640"]
[BlackElo "1710"]
[Result "0-1"]
1.Ng1f3 d5
2.d4 e6
3.e3 a6
4.Bf1d3 Nb8c6
5.a3 g6
6.O-O Bf8g7
7.b4 b5
8.Bc1b2 Ng8e7
9.Nb1d2 O-O
10.Nf3e5 Nc6xe5
11.dxe5 c6
12.f4 Kh8
13.Nd2f3 h6
14.h4 h5
15.Bb2d4 Bc8d7
16.Bd4b2 Ra8c8
17.Rf1e1 c5
18.bxc5 Rc8xc5
19.g3 Ne7f5
20.Bd3xf5 exf5
21.Nf3d4 Bd7e6
22.c3 Qd8b6
23.a4 Rf8c8
24.a5 Qb6a7
25.Qd1b3 Kg8
26.Re1c1 Bg7f8
27.Kg2 Kg7
28.Bb2a3 Rc5c7
29.Ba3xf8 Kxf8
30.Qb3b4 Qa7c5
31.Qb4xc5 Rc7xc5
32.Nd4e2 Kg7
33.Kf3 Be6d7
34.Ra1b1 Bd7c6
35.Ne2d4 Bc6b7
36.Rb1a1 Rc5xc3
37.Rc1f1 Rc8c4
38.Rf1f2 Rc4xd4
39.Kg2 Rd4d3
40.Rf2e2 d4
41.Kg1 dxe3
42.Ra1a2 Bb7d5
43.Kh2 Bd5xa2
{ abandon }0-1

[Event "Eq:Vikings-La Diagonale du Fou :"]
[Site "www.echecsemail.com"]
[Date "2026.01.16"]
[Round "1"]
[White "Woluwe1975"]
[Black "Gege62111"]
[WhiteElo "1660"]
[BlackElo "1720"]
[Result "0-1"]
1.e4 e5
2.Ng1f3 Nb8c6
3.Bf1c4 h6
4.d4 Bf8d6
5.d5 Nc6e7
6.Nf3d2 Ng8f6
7.Nb1c3 Bd6b4
8.Qd1e2 Bb4xc3
9.bxc3 O-O
10.O-O d6
11.Qe2d3 c6
12.Rf1e1 cxd5
13.exd5 a6
14.a4 Qd8a5
15.Bc1b2 Ne7xd5
16.Nd2b3 Nd5f4
17.Qd3xd6 Qa5d8
18.Qd6xd8 Rf8xd8
19.Ra1d1 Bc8d7
20.Nb3c5 Bd7e6
21.Bc4f1 Rd8xd1
22.Re1xd1 b6
23.Nc5xe6 Nf4xe6
24.Bb2c1 a5
25.Bf1b5 Ra8c8
26.c4 Ne6d4
27.Rd1e1 Nd4xb5
28.cxb5 Rc8xc2
29.Bc1e3 Nf6d5
30.Be3xb6 Nd5xb6
31.g3 Nb6xa4
32.Re1a1 Rc2c4
33.b6 Na4xb6
34.Ra1xa5 Nb6d7
35.Kg2 Kf8
36.Kf3 f6
37.h4 Ke7
38.Ra5a7 Rc4c3
39.Ke2 Ke6
40.h5 Rc3c2
41.Ke3 Rc2c3
42.Ke2 f5
43.f3 Rc3c2
44.Ke3 Rc2h2
45.Ra7a6 Ke7
46.Ra6g6 Kf7
47.Rg6d6 Ke7
48.Rd6g6 Kf7
49.g4 fxg4
50.fxg4 Rh2h3
51.Ke4 Rh3h4
52.Kf5 Rh4h1
53.Rg6a6 Rh1f1
54.Ke4 Rf1f4
55.Ke3 Rf4xg4
56.Ra6a7 Ke7
57.Ra7a6 Rg4g3
58.Ke2 Rg3g5
{ abandon }0-1

[Event "Coupe Niveau 3"]
[Site "www.echecsemail.com"]
[Date "2026.01.16"]
[Round "1"]
[White "Verson"]
[Black "Domenico"]
[WhiteElo "1860"]
[BlackElo "1710"]
[Result "0-1"]
1.d4 d5
2.Ng1f3 Bc8f5
3.e3 e6
4.c4 Bf8b4
5.Nb1c3 Nb8c6
6.Bf1d3 Bb4xc3
7.bxc3 Ng8e7
8.Bd3xf5 Ne7xf5
9.cxd5 exd5
10.O-O O-O
11.Bc1a3 Rf8e8
12.Ra1b1 b6
13.Qd1d3 Qd8f6
14.c4 dxc4
15.Qd3xc4 Ra8c8
16.Rf1c1 Nc6a5
17.Qc4c2 c5
18.dxc5 bxc5
19.Rb1b5 Na5c6
20.Rb5xc5 Nc6e7
21.Ba3b2 Qf6e6
22.Nf3d4 Nf5xd4
23.Bb2xd4 Rc8xc5
24.Bd4xc5 Re8c8
25.Qc2d2 Ne7d5
26.h3 Nd5f6
27.Bc5d4 Rc8xc1
28.Qd2xc1 h5
29.Bd4xa7 Qe6xa2
30.Ba7d4 Qa2a6
31.Qc1c8 Qa6xc8
{ abandon }0-1

[Event "Défi( 10J+24H/c 10J Max )"]
[Site "www.echecsemail.com"]
[Date "2026.01.16"]
[Round "1"]
[White "Vb83"]
[Black "Blackrider"]
[WhiteElo "1440"]
[BlackElo "1730"]
[Result "1-0"]
1.e4 e6
2.d4 d6
3.d5 e5
4.Ng1f3 h6
5.Nb1c3 g6
6.Bf1b5 c6
7.dxc6 bxc6
8.Bb5a4 Bc8a6
9.Nc3d5 Bf8g7
10.Nd5b4 Ba6c4
11.Nb4xc6 Nb8xc6
12.Ba4xc6 Ke7
13.Bc6xa8 Qd8xa8
14.b3 Qa8xe4
15.Bc1e3 Bc4b5
16.a4 Bb5a6
17.c4 Ng8f6
18.O-O Qe4b7
19.h3 Nf6d7
20.Qd1d5 Qb7xd5
21.cxd5 Ba6xf1
22.Ra1xf1 e4
23.Nf3d4 Bg7xd4
24.Be3xd4 Rh8a8
25.f3 Nd7c5
26.fxe4 Nc5xb3
27.Bd4f6 Kf8
28.Rf1b1 Nb3d2
29.Rb1b4 a6
30.e5 dxe5
31.Bf6xe5 Ra8e8
32.Be5f4 Nd2e4
33.d6 f5
34.Bf4xh6 Kg8
35.d7 { abandon }1-0

[Event "Tournoi n27357"]
[Site "www.echecsemail.com"]
[Date "2026.01.16"]
[Round "1"]
[White "4x4"]
[Black "Ragg"]
[WhiteElo "1480"]
[BlackElo "1540"]
[Result "0-1"]
1.e4 g6
2.d4 Bf8g7
3.c3 d6
4.Bf1d3 Ng8f6
5.Bc1e3 Nb8c6
6.Nb1d2 O-O
7.Qd1e2 Bc8g4
8.f3 Bg4d7
9.O-O-O Nc6a5
10.Nd2b3 Na5xb3
11.axb3 a6
12.g3 b5
13.g4 c6
14.h3 a5
15.f4 a4
16.e5 Nf6d5
17.Bd3e4 Nd5b6
18.b4 a3
19.b3 a2
20.Kb2 Ra8a7
21.Rd1a1 Qd8a8
22.Kc1 Bd7e6
23.Qe2b2 Nb6a4
24.bxa4 Ra7xa4
25.Be4c2 Ra4a3
26.Kd1 dxe5
27.Ng1f3 Be6d5
28.Rh1f1 Ra3a6
29.Nf3xe5 f6
30.Ne5d7 Rf8d8
31.Nd7c5 Ra6a7
32.Ke2 Bd5g2
33.Rf1f2 Bg2xh3
34.Nc5b3 Bh3xg4
35.Kd2 Bg4e6
36.Nb3a5 f5
37.Bc2b3 Be6d5
38.Bb3xd5 cxd5
39.Ra1xa2 h5
40.Rf2e2 Rd8d6
41.Ke1 Kf7
42.Qb2b3 h4
43.Kf2 Qa8h8
44.Kg1 h3
45.Re2h2 Qh8h5
46.Qb3c2 Ra7a8
47.Qc2d3 Ra8h8
48.Na5b3 Qh5f3
49.Ra2f2 Qf3g4
50.Kh1 Rd6c6
51.Nb3c5 Rh8h4
52.Rf2e2 Qg4f3
53.Kg1 Rh4g4
54.Rh2g2 Rg4xg2
55.Re2xg2 Qf3xg2
0-1

[Event "Eq:Les Gens du Sud-La Diagonale du Fou :"]
[Site "www.echecsemail.com"]
[Date "2026.01.16"]
[Round "1"]
[White "Tahar"]
[Black "Goedendag"]
[WhiteElo "2020"]
[BlackElo "1780"]
[Result "0-1"]
1.e4 c5
2.Bf1c4 e6
3.Nb1c3 a6
4.a4 Nb8c6
5.Ng1f3 Ng8f6
6.d3 d5
7.exd5 exd5
8.Bc4a2 Bf8e7
9.O-O O-O
10.Bc1g5 Nc6b4
11.Rf1e1 Nb4xa2
12.Nc3xa2 Bc8g4
13.h3 Bg4xf3
14.Qd1xf3 Qd8d6
15.Qf3e3 Rf8e8
16.Bg5xf6 Qd6xf6
17.c3 g6
18.Na2c1 Qf6c6
19.Qe3f3 Qc6b6
20.Nc1e2 Ra8d8
21.Re1b1 d4
22.g4 Be7f6
23.a5 Qb6e6
24.Ne2g3 dxc3
25.bxc3 Bf6xc3
26.Rb1b6 Qe6d5
27.Qf3xd5 Rd8xd5
28.Ra1d1 Bc3xa5
29.Rb6xb7 Re8d8
30.Ng3e4 Kg7
31.Rb7a7 Rd5xd3
32.Rd1xd3 Rd8xd3
33.Ra7xa6 Ba5b4
34.Ra6c6 Rd3xh3
35.Kg2 Rh3a3
36.Rc6c7 Ra3a6
37.Ne4xc5 Bb4xc5
38.Rc7xc5 h6
39.Kg3 Ra6a3
40.f3 Ra3b3
41.Rc5e5 Kf6
42.Re5e2 g5
43.Re2c2 Kg6
44.Rc2c6 f6
45.Rc6c2 h5
46.gxh5 Kxh5
47.Rc2e2 g4
48.Re2f2 f5
49.Kg2 f4
50.fxg4 Kxg4
51.Rf2d2 Rb3g3
52.Kh2 Rg3h3
53.Kg2 f3
54.Kg1 Kg3
55.Rd2c2 Rh3h4
56.Rc2d2 Rh4c4
57.Rd2d1 Rc4c2
58.Kf1 Rc2h2
{ abandon }0-1

[Event "Transval"]
[Site "www.echecsemail.com"]
[Date "2026.01.16"]
[Round "1"]
[White "Legrillon"]
[Black "Tartu"]
[WhiteElo "1700"]
[BlackElo "1700"]
[Result "1/2-1/2"]
1.e4 c6
2.d4 d5
3.e5 Bc8f5
4.Bf1d3 Bf5xd3
5.Qd1xd3 e6
6.Ng1f3 c5
7.c3 Nb8c6
8.O-O Ra8c8
9.Bc1e3 cxd4
10.Be3xd4 Nc6xd4
11.Qd3xd4 b6
12.b4 Rc8c4
13.Qd4e3 Ng8h6
14.Nb1d2 Rc4c8
15.Nf3g5 Nh6f5
16.Qe3f4 h6
17.Ng5h3 Qd8h4
18.Qf4f3 d4
19.Ra1c1 dxc3
20.Rc1xc3 Rc8xc3
21.Qf3xc3 Bf8e7
22.Rf1c1 O-O
23.Nd2f3 Qh4g4
24.Qc3c4 Qg4xc4
25.Rc1xc4 Rf8a8
26.Rc4c7 Be7d8
27.Rc7d7 g5
28.g4 Nf5g7
29.Nf3d4 Ng7e8
30.Nd4c6 Bd8c7
31.f4 gxf4
32.Nh3xf4 a6
33.Nf4h5 b5
34.Nh5f6 Ne8xf6
35.exf6 Bc7f4
36.Rd7d8 Ra8xd8
37.Nc6xd8 Kf8
38.Nd8c6 Ke8
39.Nc6d4 Bf4e5
40.Nd4c6 Be5xf6
41.Nc6b8 Bf6e7
42.Nb8xa6 Kd7
43.Kf2 f5
44.Kf3 Kc6
45.gxf5 exf5
46.Kf4 Kb6
47.Na6b8 Be7d6
48.Kxf5 Bd6xb8
49.h4 Bb8d6
50.Kg6 Bd6f4
51.h5 Kc6
52.Kf5 Bf4d2
53.Kg6 Kd5
54.Kf6 Kc4
55.Ke5 Kxb4
56.Kd5 Ka4
57.Kd4 b4
58.Kd3 Bd2g5
59.Kc2 Ka3
60.Kb1 b3
61.axb3 Kxb3
62.Ka1 Kc3
63.Kb1 Kd3
64.Kb2 Ke3
65.Kc2 Kf3
{ nul }1/2-1/2

[Event "Défi"]
[Site "www.echecsemail.com"]
[Date "2026.01.16"]
[Round "1"]
[White "Pj612"]
[Black "Tartu"]
[WhiteElo "1750"]
[BlackElo "1730"]
[Result "1/2-1/2"]
1.e4 e6
2.Ng1f3 c5
3.Nb1c3 Nb8c6
4.a3 d5
5.Bf1b5 Bc8d7
6.exd5 exd5
7.O-O Ng8f6
8.Rf1e1 Bf8e7
9.h3 O-O
10.d3 a6
11.Bb5xc6 Bd7xc6
12.d4 Rf8e8
13.Nf3e5 Be7d6
14.Ne5xc6 bxc6
15.Bc1e3 cxd4
16.Be3xd4 Re8xe1
17.Qd1xe1 Qd8d7
18.Qe1d2 Ra8e8
19.b4 Qd7f5
20.Nc3e2 Nf6e4
21.Qd2e3 Ne4f6
22.Qe3d2 Nf6e4
23.Qd2d3 h6
24.Ne2g3 Ne4xg3
25.fxg3 Qf5xd3
26.cxd3 Bd6e5
27.Bd4xe5 Re8xe5
28.Kf2 g5
29.Ra1c1 Re5e6
30.g4 Kf8
31.Kf3 Ke7
32.d4 Kd6
33.g3 f6
34.Rc1f1 Re6e7
35.Kf2 Re7a7
36.Rf1b1 a5
37.bxa5 Ra7xa5
38.Rb1b3 Ra5b5
39.Rb3b4 Rb5xb4
40.axb4 Kc7
41.Ke2 Kb6
42.Kd3 Kb5
43.Kc3 Kb6
{ nul }1/2-1/2

[Event "Défi"]
[Site "www.echecsemail.com"]
[Date "2026.01.16"]
[Round "1"]
[White "Mais"]
[Black "Payne42"]
[WhiteElo "1990"]
[BlackElo "1730"]
[Result "1-0"]
1.d4 Ng8f6
2.Ng1f3 d6
3.h3 g6
4.Nb1c3 Bf8g7
5.Bc1f4 O-O
6.Qd1d2 Rf8e8
7.O-O-O a5
8.e4 a4
9.a3 c6
10.Bf1c4 b5
11.Bc4a2 Qd8b6
12.Bf4h6 Bg7h8
13.Nf3g5 Nb8a6
14.Ba2xf7 1-0

[Event "Tetraktus 103"]
[Site "www.echecsemail.com"]
[Date "2026.01.16"]
[Round "1"]
[White "Pgo"]
[Black "Alain64"]
[WhiteElo "1740"]
[BlackElo "2080"]
[Result "0-1"]
1.e4 c5
2.Ng1f3 Nb8c6
3.Bf1b5 d6
4.Nb1c3 Bc8g4
5.Bb5xc6 bxc6
6.d3 Qd8c7
7.h3 Bg4xf3
8.Qd1xf3 Ng8f6
9.Bc1g5 h6
10.Bg5xf6 exf6
11.a3 Bf8e7
12.O-O O-O
13.Rf1e1 Rf8e8
14.g3 Ra8d8
15.h4 Qc7d7
16.g4 d5
17.exd5 cxd5
18.h5 Qd7b7
19.b3 f5
20.Qf3xf5 Be7f6
21.Re1xe8 Rd8xe8
22.Qf5xd5 Qb7xd5
23.Nc3xd5 Bf6xa1
24.Nd5c7 Re8e2
25.Nc7b5 Re2xc2
26.Nb5xa7 Rc2a2
27.a4 Ra2b2
28.Na7c6 Rb2xb3
29.a5 Rb3xd3
30.a6 Rd3a3
31.a7 Ba1d4
32.Nc6xd4 cxd4
33.a8Q Ra3xa8
{ abandon }0-1

[Event "Tournoi n27374"]
[Site "www.echecsemail.com"]
[Date "2026.01.16"]
[Round "1"]
[White "Desaintfegor"]
[Black "Verson"]
[WhiteElo "1820"]
[BlackElo "1840"]
[Result "0-1"]
1.d4 d5
2.c4 c6
3.cxd5 cxd5
4.Nb1c3 Ng8f6
5.Ng1f3 e6
6.Bc1g5 Nb8d7
7.e4 dxe4
8.Nc3xe4 Qd8a5
9.Ne4c3 Bf8b4
10.Bg5d2 O-O
11.a3 Bb4xc3
12.Bd2xc3 Qa5d5
13.Bf1d3 Nf6e4
14.O-O Ne4xc3
15.bxc3 b6
16.Qd1c2 Nd7f6
17.Rf1e1 Bc8b7
18.Re1e5 Qd5d6
19.Nf3g5 h6
20.Ng5e4 Nf6xe4
21.Bd3xe4 Bb7xe4
22.Re5xe4 Ra8c8
23.Ra1c1 Rf8d8
24.g3 Rc8c4
25.a4 Qd6a3
26.Qc2d2 Qa3xa4
27.Re4g4 Kh8
28.Rg4f4 Rd8d7
29.Rf4f3 Qa4c6
30.Qd2f4 Qc6d6
31.Qf4xd6 Rd7xd6
32.Rf3xf7 Rd6xd4
33.Rf7xa7 Rd4d3
34.Rc1b1 Rd3xc3
35.Rb1xb6 Rc4c7
36.Rb6b8 Kh7
37.Ra7a8 e5
38.h4 Rc3d3
39.h5 g5
40.hxg6 Kxg6
41.Rb8g8 Rc7g7
42.Ra8a7 Rg7xg8
{ abandon }0-1